000 00415pab a2200157 454500
008 180718b2008 xxu||||| |||| 00| 0 eng d
100 _aBrown, Andrew
245 _aA materialist development of some recent contributions to the labour theory of value
260 _c2008
300 _ap.125-46.
362 _aJan
650 _aLabour
773 _aCambridge Journal of Economics
908 _aN
909 _a78513
999 _c78513
_d78513